| 000 | 02043nam a2200373 c 4500 | ||
|---|---|---|---|
| 999 |
_c201604 _d201604 |
||
| 003 | BLK | ||
| 005 | 20250423143709.0 | ||
| 008 | 180411b bul|||||r ||||||| ||bul|| | ||
| 010 | _aKNG00211047000 | ||
| 020 | _a978-954-608-245-9 | ||
| 040 | _aBLK | ||
| 041 |
_aBUL _cBUL |
||
| 072 | 7 |
_2bullib _aН35 _xОбществено управление. Военни науки Н |
|
| 080 |
_aОсновни задачи на общественото управление _b351 _x:347.65(497.2)(094.57.072) _z351:347.65(497.2)(094.57.072) |
||
| 100 | 1 |
_aЦанкова, Цанка Тодорова _eпърви автор _9373560 |
|
| 139 |
_aЗакон за наследството _bЗ 27 |
||
| 245 | 1 | 0 |
_aЗакон за наследството _bНаучноприл. коментар ; Проблеми на правоприл. ; Анализ на съд. практика ; Нормат. текст. _cЦанка Тодорова Цанкова. |
| 257 | _aBGR | ||
| 260 |
_bТруд и право _bМТ-студио _c2016 _fКостинброд : Мултипринт |
||
| 300 |
_a768 с. _c25 см |
||
| 380 | _a3 | ||
| 500 | _aИмето на ред. отбелязано на гърба на загл. с. ; Името на авт. на предг. отбелязано на с. 20. - Други авт.: Екатерина Матеева, Методи Марков, Веселин Петров, Димитър Танев, Иван Георгиев. - Информ. към 21.11.2016. - Биогр. данни за авт. отбелязани на гърба на кор. | ||
| 650 | 4 |
_aНаследствено право - България - наръчници и ръководства _9245231 |
|
| 653 | _aнаследствено право | ||
| 659 | _aН | ||
| 852 | _aЦб 286816 | ||
| 856 | 4 | _qpdf | |
| 856 | 4 | _qpdf | |
| 942 |
_cKNG _n0 _07 |
||
| 944 |
_aCR _c10.08.2017 _k30552 _lВиолета Тройчева |
||
| 944 |
_aED _c15.09.2017 _kГрета_Цуфелде |
||
| 999 | _d201604 | ||
| 999 | _d201604 | ||